[Event "Tenerife-chT Primera 1718"]
[Site "Tenerife"]
[Date "2018.01.20"]
[Round "7.1"]
[White "Reyes Lopez, Angel"]
[Black "Perez Perez, Jose David"]
[Result "1/2-1/2"]
[WhiteElo "1815"]
[BlackElo "1823"]
[PlyCount "48"]
[EventDate "2017.11.11"]
[EventType "team-tourn"]
[EventRounds "14"]
[EventCountry "ESP"]
[SourceTitle "CBM 187 Extra"]
[Source "ChessBase"]
[SourceDate "2018.11.04"]
[SourceVersion "1"]
[SourceVersionDate "2018.11.04"]
[SourceQuality "1"]
[WhiteTeam "Laguna Cotelec III"]
[BlackTeam "Playa San Juan III"]
[WhiteTeamCountry "ESP"]
[BlackTeamCountry "ESP"]

1. e4 c5 2. Nf3 d6 3. d4 cxd4 4. Nxd4 Nf6 5. Nc3 a6 6. Bg5 e6 7. f4 Be7 8. Qf3 Qc7 9. 0-0-0 Nbd7 10. g4 h6 11. Bxf6 gxf6 12. Bd3 b5 13. Rhe1 b4 14. Nd5 exd5 15. exd5 Ne5 16. fxe5 fxe5 17. Nf5 Bxf5 18. Qxf5 Qd7 19. Qf3 Bg5+ 20. Kb1 Qe7 21. Re4 a5 22. Bb5+ Kf8 23. Qf5 Kg7 24. Rf1 Rac8 1/2-1/2

[Event "Tenerife-chT Primera 1718"]
[Site "Tenerife"]
[Date "2018.01.13"]
[Round "6.1"]
[White "Perez Perez, Jose David"]
[Black "Fernandez Vazquez, Jorge"]
[Result "1/2-1/2"]
[WhiteElo "1823"]
[BlackElo "1948"]
[PlyCount "57"]
[EventDate "2017.11.11"]
[EventType "team-tourn"]
[EventRounds "14"]
[EventCountry "ESP"]
[SourceTitle "CBM 187 Extra"]
[Source "ChessBase"]
[SourceDate "2018.11.04"]
[SourceVersion "1"]
[SourceVersionDate "2018.11.04"]
[SourceQuality "1"]
[WhiteTeam "Playa San Juan III"]
[BlackTeam "Al Shah Mat Los Realejos III"]
[WhiteTeamCountry "ESP"]
[BlackTeamCountry "ESP"]

1. d4 Nf6 2. Bf4 e6 3. e3 b6 4. Nf3 Bb7 5. Bd3 c5 6. c3 Be7 7. h3 0-0 8. 0-0 cxd4 9. cxd4 d6 10. Nc3 Nbd7 11. Rc1 a6 12. a4 Qb8 13. Qe2 e5 14. dxe5 dxe5 15. Bh2 Bd6 16. Rfd1 Bxf3 17. Qxf3 Rd8 18. Ne4 Nxe4 19. Bxe4 Ra7 20. Bg3 Be7 21. Bc2 Rc7 22. Bb3 Bf6 23. Rxc7 Qxc7 24. Qe2 Nc5 25. Rxd8+ Qxd8 26. Bc4 a5 27. b3 Ne4 28. Qf3 Nxg3 29. Qxg3 1/2-1/2

[Event "Tenerife-chT Primera 1617"]
[Site "Tenerife"]
[Date "2017.04.01"]
[Round "11.1"]
[White "Perez Perez, Jose David"]
[Black "Brito Rodriguez, Cristian"]
[Result "0-1"]
[WhiteElo "1812"]
[BlackElo "1573"]
[PlyCount "46"]
[EventDate "2016.12.10"]
[EventType "team-tourn"]
[EventRounds "14"]
[EventCountry "ESP"]
[SourceTitle "EXT 2018"]
[Source "ChessBase"]
[SourceDate "2017.10.13"]
[SourceVersion "1"]
[SourceVersionDate "2017.10.13"]
[SourceQuality "1"]
[WhiteTeam "Playa San Juan"]
[BlackTeam "Benito"]
[WhiteTeamCountry "ESP"]
[BlackTeamCountry "ESP"]

1. d4 Nf6 2. Nf3 g6 3. Bf4 Bg7 4. e3 0-0 5. Be2 d6 6. h3 c5 7. 0-0 Nc6 8. Nbd2 Be6 9. c4 cxd4 10. exd4 d5 11. c5 b6 12. b4 Nxb4 13. cxb6 axb6 14. Qb3 Nc6 15. Rab1 Ne4 16. Rfd1 Bxd4 17. Nxe4 dxe4 18. Qc2 exf3 19. Bb5 Rxa2 20. Qxc6 Bxf2+ 21. Kh1 fxg2+ 22. Qxg2 Qa8 23. Bc6 Qa3 0-1

[Event "Tenerife-chT Primera"]
[Site "Tenerife"]
[Date "2015.03.28"]
[Round "8.3"]
[White "Lozano Marques, Manuel"]
[Black "Perez Perez, Jose David"]
[Result "0-1"]
[WhiteElo "1581"]
[BlackElo "1810"]
[PlyCount "66"]
[EventDate "2015.01.24"]
[EventType "swiss"]
[EventRounds "14"]
[EventCountry "ESP"]
[SourceTitle "EXT 2024"]
[Source "ChessBase"]
[SourceDate "2023.10.10"]
[SourceVersion "1"]
[SourceVersionDate "2023.10.10"]
[SourceQuality "1"]
[WhiteTeam "Casa de Venezuela"]
[BlackTeam "El Sauzal Libreria Barco II"]
[WhiteTeamCountry "ESP"]
[BlackTeamCountry "ESP"]

1. e4 c5 2. Nf3 d6 3. d4 cxd4 4. Nxd4 Nf6 5. Nc3 a6 6. Bc4 e6 7. 0-0 Nbd7 8. Be3 b5 9. Bb3 Nc5 10. f3 Qc7 11. Qd2 Be7 12. Rfe1 0-0 13. Rad1 Bd7 14. Bf2 Rab8 15. a3 Nxb3 16. Nxb3 a5 17. Kh1 b4 18. axb4 axb4 19. Ne2 e5 20. Ra1 Rfc8 21. Rec1 Be6 22. Qe3 d5 23. Nd2 d4 24. Qd3 Nd7 25. Ng3 Bg5 26. b3 Ra8 27. Rxa8 Rxa8 28. Ngf1 Qc3 29. Rd1 Rc8 30. h4 Bh6 31. Qxc3 Rxc3 32. Rc1 f6 33. Be1 d3 0-1

[Event "Tenerife-ch"]
[Site "Santa Cruz de La Palma"]
[Date "2014.05.18"]
[Round "2"]
[White "Perez Perez, Jose David"]
[Black "Ramos Aguilar, Jose Manuel"]
[Result "1/2-1/2"]
[WhiteElo "1749"]
[BlackElo "2137"]
[PlyCount "127"]
[EventDate "2014.05.17"]
[EventType "swiss"]
[EventRounds "9"]
[EventCountry "ESP"]
[SourceTitle "CBM 160 Extra"]
[Source "ChessBase"]
[SourceDate "2014.07.01"]
[SourceVersion "1"]
[SourceVersionDate "2014.07.01"]
[SourceQuality "1"]

1. e4 c5 2. Nc3 e6 3. f4 d5 4. exd5 exd5 5. Bb5+ Nc6 6. Nf3 Nf6 7. Ne5 Bd7 8. Bxc6 Bxc6 9. Nxc6 bxc6 10. 0-0 Be7 11. b3 0-0 12. Ba3 c4 13. Bxe7 Qxe7 14. Re1 Qc5+ 15. Kh1 Rfe8 16. Qf3 cxb3 17. cxb3 Qd4 18. Red1 Ne4 19. Nxe4 Rxe4 20. Rac1 Rae8 21. h3 Rxf4 22. Qc3 Re6 23. Qxd4 Rxd4 24. Rc5 h5 25. Ra5 Re2 26. Rxa7 Rdxd2 27. Rxd2 Rxd2 28. Ra8+ Kh7 29. a4 Rb2 30. Rc8 Rxb3 31. Rxc6 Ra3 32. Rd6 Rxa4 33. Rxd5 Kg6 34. Kg1 Ra2 35. Rb5 f6 36. Kh2 h4 37. Kg1 Kh6 38. Rf5 Kg6 39. Rb5 f5 40. Rb6+ Kg5 41. Rb7 g6 42. Rb6 Kh5 43. Rb5 Kg5 44. Rb6 Ra3 45. Kf2 Ra2+ 46. Kf3 Ra4 47. Kf2 Ra3 48. Rc6 Kh5 49. Rc5 Ra4 50. Kf3 Ra2 51. Rb5 Rd2 52. Ra5 Rb2 53. Rc5 Rb3+ 54. Kf2 Rb6 55. Kf3 Kg5 56. Ra5 Kf6 57. Ra4 g5 58. Ra5 Rb3+ 59. Kf2 Rb4 60. Kf3 g4+ 61. hxg4 Rxg4 62. Kf2 Re4 63. Rb5 h3 64. gxh3 1/2-1/2

[Event "Tenerife-ch"]
[Site "Santa Cruz de La Palma"]
[Date "2014.05.17"]
[Round "1"]
[White "Montilla Bejarano, Carmen"]
[Black "Perez Perez, Jose David"]
[Result "0-1"]
[WhiteElo "1156"]
[BlackElo "1749"]
[PlyCount "36"]
[EventDate "2014.05.17"]
[EventType "swiss"]
[EventRounds "9"]
[EventCountry "ESP"]
[SourceTitle "CBM 160 Extra"]
[Source "ChessBase"]
[SourceDate "2014.07.01"]
[SourceVersion "1"]
[SourceVersionDate "2014.07.01"]
[SourceQuality "1"]

1. e4 c5 2. Nf3 d6 3. d4 cxd4 4. Nxd4 Nf6 5. Nc3 a6 6. Be2 e5 7. Nf3 h6 8. Be3 Be6 9. Na4 Nbd7 10. Qd3 Rc8 11. Nc3 Be7 12. 0-0 0-0 13. a4 Nb6 14. Nxe5 dxe5 15. Qxd8 Bxd8 16. a5 Nc4 17. b4 Nxe3 18. fxe3 Rxc3 0-1

[Event "Tenerife-chT Segunda 1314"]
[Site "Tenerife"]
[Date "2014.03.15"]
[Round "10.1"]
[White "Gil Ojeda, Jorge"]
[Black "Perez Perez, Jose David"]
[Result "0-1"]
[WhiteElo "1259"]
[BlackElo "1749"]
[PlyCount "96"]
[EventDate "2013.12.14"]
[EventType "team-tourn"]
[EventRounds "15"]
[EventCountry "ESP"]
[SourceTitle "EXT 2015"]
[Source "ChessBase"]
[SourceDate "2014.11.20"]
[SourceVersion "1"]
[SourceVersionDate "2014.11.20"]
[SourceQuality "1"]
[WhiteTeam "Laguna Cotelec III"]
[BlackTeam "Centro Icodense"]
[WhiteTeamCountry "ESP"]
[BlackTeamCountry "ESP"]

1. e4 c5 2. Nf3 d6 3. Bb5+ Bd7 4. Bxd7+ Nxd7 5. 0-0 Ngf6 6. Nc3 e6 7. d4 cxd4 8. Qxd4 a6 9. Bg5 Be7 10. Rfe1 Qc7 11. Qe3 b5 12. Rac1 Rc8 13. Re2 0-0 14. Rd2 Nb6 15. Qd4 Nc4 16. Re2 e5 17. Nxb5 axb5 18. Qc3 Qc6 19. b3 Nb6 20. Qxc6 Rxc6 21. Nd2 Ra8 22. c4 Rxa2 23. Ree1 bxc4 24. Nxc4 Nxc4 25. Rxc4 Rxc4 26. bxc4 Kf8 27. f3 Rc2 28. Ra1 Rxc4 29. Ra8+ Ne8 30. Be3 Rc2 31. Bb6 f6 32. Ra7 g6 33. h3 f5 34. exf5 gxf5 35. Be3 Nf6 36. Bg5 Kf7 37. f4 e4 38. Ra5 Ke6 39. Ra3 Nd5 40. Bxe7 Kxe7 41. Ra7+ Rc7 42. Ra5 Ke6 43. g3 Rc2 44. Ra7 h5 45. Rh7 Nf6 46. Ra7 e3 47. Ra3 e2 48. Re3+ Ne4 0-1

[Event "Tenerife-chT Segunda 1314"]
[Site "Tenerife"]
[Date "2014.02.01"]
[Round "5.1"]
[White "Perez Perez, Jose David"]
[Black "Septien Lopez, Valeriano"]
[Result "1-0"]
[WhiteElo "1749"]
[BlackElo "1843"]
[PlyCount "83"]
[EventDate "2013.12.14"]
[EventType "team-tourn"]
[EventRounds "15"]
[EventCountry "ESP"]
[SourceTitle "EXT 2015"]
[Source "ChessBase"]
[SourceDate "2014.11.20"]
[SourceVersion "1"]
[SourceVersionDate "2014.11.20"]
[SourceQuality "1"]
[WhiteTeam "Centro Icodense"]
[BlackTeam "El Sauzal Libreria Barco"]
[WhiteTeamCountry "ESP"]
[BlackTeamCountry "ESP"]

1. e4 c5 2. Nf3 b6 3. d4 cxd4 4. Nxd4 Bb7 5. Nc3 Nc6 6. Be3 Nf6 7. f3 e6 8. Ndb5 d6 9. Bf4 e5 10. Bg5 a6 11. Na3 Be7 12. Bxf6 Bxf6 13. Nc4 Nd4 14. Ne3 Rc8 15. Bd3 Bg5 16. Ned5 0-0 17. 0-0 Kh8 18. Kh1 f5 19. exf5 Nxf5 20. Bxf5 Rxf5 21. Qd3 Rf8 22. Rad1 b5 23. Rfe1 Rc4 24. Re4 Rc5 25. a4 Bf4 26. b4 Rxc3 27. Qxc3 Bxd5 28. Rxd5 Qh4 29. h3 Qg3 30. Rxf4 Qxf4 31. axb5 axb5 32. Rxb5 e4 33. Rb7 Rg8 34. fxe4 Qf1+ 35. Kh2 Qf4+ 36. Qg3 Qxe4 37. Rb6 d5 38. c3 h6 39. Rb8 Qc4 40. b5 Kh7 41. Rxg8 Kxg8 42. b6 1-0

[Event "Tenerife-ch"]
[Site "Santa Cruz de Tenerife"]
[Date "2013.03.05"]
[Round "2"]
[White "Perez Perez, Jose David"]
[Black "Kraus, Oliver"]
[Result "1-0"]
[WhiteElo "1710"]
[BlackElo "2083"]
[PlyCount "141"]
[EventDate "2013.03.04"]
[EventType "swiss"]
[EventRounds "9"]
[EventCountry "ESP"]
[SourceTitle "CBM 153 Extra"]
[Source "ChessBase"]
[SourceDate "2013.04.22"]
[SourceVersion "1"]
[SourceVersionDate "2013.04.22"]
[SourceQuality "1"]

1. e4 e6 2. d4 d5 3. Nc3 Nf6 4. Bg5 Bb4 5. e5 h6 6. Bd2 Bxc3 7. Bxc3 Ne4 8. Bd3 Nxc3 9. bxc3 c5 10. Nf3 Nc6 11. 0-0 c4 12. Be2 b5 13. Ne1 Rb8 14. a3 Bd7 15. f4 a5 16. Bg4 g6 17. Bh3 Qb6 18. Rb1 Qa7 19. Nf3 Ne7 20. Qe1 Bc6 21. Qh4 Ng8 22. g4 Qe7 23. Qxe7+ Nxe7 24. f5 g5 25. Nd2 Bd7 26. Rf2 Rg8 27. f6 Ng6 28. Bf1 Bc6 29. Bg2 Kd7 30. Nf3 Rb6 31. Rff1 Rgb8 32. Rb2 Kc7 33. Rfb1 R6b7 34. Kf2 Nf8 35. h4 gxh4 36. Rh1 b4 37. axb4 axb4 38. cxb4 Rxb4 39. Rxb4 Rxb4 40. Ke3 Ba4 41. Ne1 Ng6 42. Bf3 Rb2 43. Kd2 Kb6 44. g5 hxg5 45. Rg1 Ka5 46. Rxg5 Be8 47. Bh5 Kb4 48. Bxg6 fxg6 49. Rg4 c3+ 50. Ke2 Kc4 51. Rxh4 Rb7 52. Nf3 Ba4 53. Rf4 Be8 54. Ng5 Bf7 55. Nxf7 Rxf7 56. Rg4 Rh7 57. Rxg6 Kxd4 58. Rg5 Rh2+ 59. Kf3 Rxc2 60. f7 Rc1 61. Kf2 c2 62. Rg4+ Kxe5 63. f8Q Rf1+ 64. Kxf1 c1Q+ 65. Kg2 Qc2+ 66. Qf2 Qc1 67. Qg3+ Kf6 68. Rf4+ Ke7 69. Qg7+ Kd6 70. Qf8+ Kd7 71. Rf7+ 1-0

[Event "Tenerife-chT-A1"]
[Site "Tenerife"]
[Date "2013.02.23"]
[Round "5.3"]
[White "Perez Perez, Jose David"]
[Black "Calvo Nobrega, Joaquin Manuel"]
[Result "1-0"]
[WhiteElo "1710"]
[BlackElo "1792"]
[PlyCount "53"]
[EventDate "2013.01.19"]
[EventType "team-tourn"]
[EventRounds "14"]
[EventCountry "ESP"]
[SourceTitle "EXT 2014"]
[Source "ChessBase"]
[SourceDate "2013.11.20"]
[SourceVersion "1"]
[SourceVersionDate "2013.11.20"]
[SourceQuality "1"]
[WhiteTeam "Piratas La Orotava"]
[BlackTeam "Escuela Ajedrez Casa Venezuela"]
[WhiteTeamCountry "ESP"]
[BlackTeamCountry "ESP"]

1. e4 e5 2. Nf3 Nc6 3. Bc4 Nf6 4. d3 Be7 5. c3 d6 6. Bb3 0-0 7. 0-0 Bg4 8. Qe2 d5 9. Rd1 d4 10. Nbd2 Nd7 11. h3 Bh5 12. g4 Bg6 13. Nf1 Nc5 14. Bc2 h5 15. Ng3 hxg4 16. hxg4 Ne6 17. Nf5 Bg5 18. Nxg5 Nxg5 19. Kg2 Ne6 20. Qf3 Ng5 21. Qg3 f6 22. Rh1 Bxf5 23. gxf5 Kf7 24. Bxg5 fxg5 25. Rh5 Qf6 26. Bb3+ Ke7 27. Rxg5 1-0

[Event "Tenerife op 19th"]
[Site "Tenerife"]
[Date "2009.01.08"]
[Round "5"]
[White "Perez Perez, Jose David"]
[Black "Rivas Crespo, Alejandro"]
[Result "1-0"]
[WhiteElo "1660"]
[BlackElo "1661"]
[PlyCount "45"]
[EventDate "2008.12.29"]
[EventType "swiss"]
[EventRounds "9"]
[EventCountry "ESP"]
[SourceTitle "CBM 128 Extra"]
[Source "ChessBase"]
[SourceDate "2009.03.05"]
[SourceVersion "2"]
[SourceVersionDate "2009.03.25"]
[SourceQuality "1"]

1. e4 c5 2. Nf3 Nc6 3. d4 cxd4 4. Nxd4 Nf6 5. Nc3 e5 6. Ndb5 d6 7. Bg5 a6 8. Na3 b5 9. Bxf6 gxf6 10. Nd5 f5 11. Bd3 Be6 12. 0-0 Bxd5 13. exd5 Nb8 14. Bxf5 Qg5 15. Qg4 Qxg4 16. Bxg4 h5 17. Bf5 Rg8 18. f4 Bg7 19. fxe5 Bxe5 20. Rae1 f6 21. c3 Nd7 22. Nc2 0-0-0 23. Nb4 1-0